000 00839cam a22002655a 4500
001 015820160
003 OSt
005 20151017132253.0
008 110607s2012 nyud frb 001 0 eng d
020 _a9780071086172 (pbk.)
020 _a007108617X (pbk.)
040 _aUk
_beng
_cUk
_dUk
_dEG-ScBUE
082 0 4 _a621.31042
_222
_bCHA
100 1 _aChapman, Stephen J.
_938500
245 1 0 _aElectric machinery fundamentals /
_cStephen J. Chapman.
250 _a5th ed., International ed.
260 _aNew York :
_bMcGraw-Hill Connect Learn Succeed,
_c2012.
300 _axxiv, 680 p. :
_bill. ;
_c23 cm.
500 _aIndex : p. 670-680.
504 _aIncludes bibliographical references.
650 7 _aElectric machinery.
_2BUEsh
_96121
651 _2BUEsh
653 _bENGGEN
_bENGMEC
_bENGELC
_cJune2015
_cOctober2015
942 _2ddc
999 _c19714
_d19686